书目信息 |
| 题名: |
信号光源
|
|
| 作者: | 张学渔 编著 | |
| 分册: | ||
| 出版信息: | 北京 人民铁道出版社 1978 |
|
| 页数: | 64页 | |
| 开本: | 19cm | |
| 丛书名: | ||
| 单 册: | ||
| 中图分类: | U284 | |
| 科图分类: | ||
| 主题词: | 铁路通信 , 铁路信号 | |
| 电子资源: | ||
| ISBN: | ||
| 000 | 00593nam0 2200229 45 | |
| 001 | 0178005374 | |
| 005 | 20060522163929.23 | |
| 010 | @dCNY0.18 | |
| 091 | @a15043.4042 | |
| 100 | @a19950811d1978 em y0chiy0121 ea | |
| 101 | 0 | @achi |
| 102 | @aCN@b110000 | |
| 105 | @ay z 000yy | |
| 200 | 10 | @a信号光源@Axin hao guang yuan@f张学渔编著@Fzhang xue yu bian zhu |
| 210 | @a北京@c人民铁道出版社@d1978 | |
| 215 | @a64页@d19cm | |
| 606 | 0 | @a铁路通信 |
| 606 | 0 | @a铁路信号 |
| 690 | @aU284@v3 | |
| 701 | 0 | @a张学渔@Azhang xue yu@4编著 |
| 801 | 0 | @aCN@bTSSF@c20060522 |
| 905 | @a10447@dU284@e4 | |
| 信号光源/张学渔编著.-北京:人民铁道出版社,1978 |
| 64页;19cm |
| ISBN :CNY0.18 |
| ● |
| 相关链接 |
|
|
|
|
正题名:信号光源
索取号:U284/4
 
预约/预借
| 序号 | 登录号 | 条形码 | 馆藏地/架位号 | 状态 | 备注 |
| 1 | 0013180 | 202370503 | 密集书库/ [索取号:U284/4] | 在馆 | |
| 2 | 0013181 | 001487965 | 密集书库/ [索取号:U284/4] | 在馆 |